| 000 | 00445nam a22001577a 4500 | ||
|---|---|---|---|
| 999 |
_c18055 _d18055 |
||
| 003 | OSt | ||
| 005 | 20230331140602.0 | ||
| 008 | 230331b ||||| |||| 00| 0 eng d | ||
| 040 | _c0 | ||
| 100 |
_ade Vera, Ben O. _948333 |
||
| 245 |
_aPoverty rate below 10% by 2022 / _cBen O. de Vera |
||
| 260 |
_aPhilippines : _bPhilippine Daily Inquirer, _cDecember 9, 2019. |
||
| 300 | _a1 page. | ||
| 650 |
_aEconomic conditions. _948334 |
||
| 942 |
_2ddc _cPER |
||